| 000 | 00755nam a22002297a 4500 | ||
|---|---|---|---|
| 003 | BUBTL | ||
| 008 | 240327b ||||| |||| 00| 0 eng d | ||
| 020 | _a9789388386579 | ||
| 041 | _aeng | ||
| 082 | _a658.15/ Ar15p/ 2019 | ||
| 100 |
_95788 _aM., Aravind |
||
| 245 |
_aPrinciples of financial management : _bPractice and decisions / _cAravind M. |
||
| 250 | _a1st ed. | ||
| 260 |
_aNew Delhi: _bViva Books, _cc2019 |
||
| 300 |
_axix, 385 p.: _c23 cm |
||
| 505 | _aPrinciples of financial management, Finance, Financial Markets, Instruments and regulators, Time Value of Money, Capital Budgeting | ||
| 650 | 0 |
_939 _aManagement |
|
| 650 | 0 |
_918 _aFinance |
|
| 856 |
_k0 _l0 _yDownload |
||
| 942 |
_2ddc _cBK |
||
| 999 |
_c7295 _d7295 |
||